000 00524nam a22001817a 4500
005 20251204145354.0
008 240831b |||||||| |||| 00| 0 eng d
020 _a978-93-5466-473-1
041 _aeng
082 _a611 CHA-H
100 _aCHAURASIA B.D
245 _aHUMAN ANATOMY REGIONAL AND APPLIED - DISSECTION AND CLINICAL [UPER LIMB THORAX] VOL-1
250 _a9TH ED. 2023
260 _aNEW DELHI
_bCBS PUBLISHERS & DISTRIBUTERS
300 _a362;P
650 _aPARAMEDICAL
_xBMLT/BMIRT
_98847
942 _cBK
999 _c8616
_d8614